|
|
|
|
| LEADER |
01098nam a2200277 a 4500 |
| 001 |
1670991 |
| 008 |
100222r20021999caua b 001 0 eng d |
| 010 |
|
|
|a 98028034
|
| 020 |
|
|
|a 1558603433
|
| 020 |
|
|
|a 8178671166
|
| 040 |
|
|
|a DLC
|c DLC
|d DLC
|d BD-DhAAL
|
| 050 |
0 |
0 |
|a QA76.58
|b .C85 1999
|
| 082 |
0 |
0 |
|a 004/.35
|2 21
|
| 100 |
1 |
|
|a Culler, David E.
|
| 245 |
1 |
0 |
|a Parallel computer architecture :
|b a hardware/software approach /
|c David E. Culler, Jaswinder Pal Singh, with Anoop Gupta.
|
| 260 |
|
|
|a San Francisco :
|b Morgan Kaufmann Publishers, ;
|a New Delhi :
|b Harcourt,
|c c1999.[Riprinted 2002]
|
| 300 |
|
|
|a xxix, 1025 p. :
|b ill. ;
|c 25 cm.
|
| 504 |
|
|
|a Includes bibliographical references (p.[969]-994)and index.
|
| 541 |
1 |
|
|e 00019807
|
| 650 |
|
0 |
|a Parallel computers.
|
| 650 |
|
0 |
|a Computer architecture.
|
| 700 |
1 |
|
|a Singh, Jaswinder Pal.
|
| 700 |
1 |
|
|a Gupta, Anoop.
|
| 852 |
4 |
|
|a Ayesha Abed Library
|j General shelf
|
| 999 |
|
|
|c 7666
|d 7666
|
| 952 |
|
|
|0 0
|1 0
|2 ddc
|4 0
|6 004_350000000000000_CUL_2002
|7 0
|9 8391
|a BRACUL
|b BRACUL
|c GEN
|d 2010-02-22
|l 0
|o 004.35 CUL
|p 3010019807
|r 2010-02-22
|t 1
|w 2010-02-22
|y BK
|